[Event "European Blitz 2016"]
[Site "Tallinn EST"]
[Date "2016.12.17"]
[Round "8.4"]
[White "Andreikin, Dmitry"]
[Black "Jovanovic, Zoran"]
[Result "1-0"]
[WhiteTitle "GM"]
[BlackTitle "GM"]
[WhiteElo "2737"]
[BlackElo "2534"]
[WhiteFideId "4158814"]
[BlackFideId "14505320"]
[EventDate "2016.12.17"]

1. d4 d6 2. e4 Nf6 3. Nc3 e5 4. Nf3 Nbd7 5. Bc4 Be7 6. O-O Nb6 7. Bb3 exd4 8.
Qxd4 O-O 9. a4 a5 10. h3 Nfd7 11. Be3 Nc5 12. Qd2 Bf6 13. Bd4 Bxd4 14. Nxd4 Be6
15. Bxe6 fxe6 16. b3 e5 17. Ndb5 Ne6 18. Rad1 Nf4 19. Qe3 Nd7 20. Ne2 Nxe2+ 21.
Qxe2 Nc5 22. f4 Qe7 23. f5 Rf7 24. Qe3 Raf8 25. Rf2 Qh4 26. Nc3 b6 27. Rdf1 g6
28. Kh2 gxf5 29. Rxf5 Rxf5 30. exf5 Rf7 31. Nd5 Qe4 32. Qg3+ Kh8 33. c4 Rg7 34.
Qf2 Nxb3 35. f6 Rf7 36. Nxc7 Nc5 37. Nb5 Qc6 38. Qh4 Nd7 39. Qh5 Rf8 40. f7 Qxc4
41. Qf5 1-0

[Event "European Blitz 2016"]
[Site "Tallinn EST"]
[Date "2016.12.17"]
[Round "8.5"]
[White "Kovalenko, Igor"]
[Black "Kulaots, Kaido"]
[Result "1-0"]
[WhiteTitle "GM"]
[BlackTitle "GM"]
[WhiteElo "2684"]
[BlackElo "2556"]
[WhiteFideId "14117908"]
[BlackFideId "4500261"]
[EventDate "2016.12.17"]

1. c4 g6 2. Nf3 Bg7 3. g3 c5 4. Bg2 Nc6 5. Nc3 d6 6. Rb1 Nf6 7. a3 Rb8 8. b4 b6
9. O-O Bb7 10. Qa4 Qd7 11. Bb2 O-O 12. e3 Rfd8 13. Rfd1 e5 14. d3 Ne7 15. Qxd7
Rxd7 16. bxc5 bxc5 17. Ba1 Rdd8 18. Nd2 Bxg2 19. Kxg2 Nc6 20. Nd5 Nd7 21. Ne4
Bf8 22. Bc3 f5 23. Ng5 Rxb1 24. Rxb1 Rb8 25. Rxb8 Ncxb8 26. Ba5 Bh6 27. Ne6 Kf7
28. Nd8+ Ke8 29. Nb7 Bf8 30. Bc7 Nc6 31. Bxd6 Bxd6 32. Nxd6+ Kf8 33. f4 Kg7 34.
Kf3 h6 35. Nb7 Kf7 36. Nc3 Na5 37. Nxa5 1-0

[Event "European Blitz 2016"]
[Site "Tallinn EST"]
[Date "2016.12.17"]
[Round "8.6"]
[White "Saric, Ivan"]
[Black "Ruck, Robert"]
[Result "1/2-1/2"]
[WhiteTitle "GM"]
[BlackTitle "GM"]
[WhiteElo "2652"]
[BlackElo "2561"]
[WhiteFideId "14508150"]
[BlackFideId "705713"]
[EventDate "2016.12.17"]

1. e4 c6 2. d4 d5 3. Nc3 dxe4 4. Nxe4 Bf5 5. Ng3 Bg6 6. h4 h6 7. Nf3 Nd7 8. h5
Bh7 9. Bd3 Bxd3 10. Qxd3 e6 11. Bd2 Ngf6 12. O-O-O Bd6 13. Ne4 Nxe4 14. Qxe4 Qe7
15. Kb1 O-O-O 16. c4 Rhe8 17. Ba5 Bc7 18. Bxc7 Kxc7 19. Rhe1 Kb8 20. Qg4 Qf8 21.
a3 Nf6 22. Qf4+ Ka8 23. Ne5 Re7 24. g4 Nd7 25. Qf3 Nxe5 26. dxe5 Red7 27. Rxd7
Rxd7 28. Rd1 Qd8 29. Kc2 Kb8 30. Rxd7 Qxd7 31. Qe4 Qd8 32. Qh7 Qf8 33. Qd3 Kc7
34. b4 c5 35. b5 Qe7 36. f4 Kc8 37. Qe3 Kd7 38. Qd2+ Kc8 39. g5 Qf8 40. a4 Qe7
41. a5 Qf8 42. Qe3 Qe7 43. gxh6 gxh6 44. f5 exf5 45. Qxh6 Qxe5 46. Qf8+ Kc7 47.
Qxf7+ Kc8 48. Qg8+ Kc7 49. Qf7+ Kc8 50. Qf8+ Kc7 51. Qf7+ Kc8 52. Qf8+ Kc7 53.
Qf7+ Kc8 1/2-1/2

[Event "European Blitz 2016"]
[Site "Tallinn EST"]
[Date "2016.12.17"]
[Round "8.7"]
[White "Huzman, Alexander"]
[Black "Ponkratov, Pavel"]
[Result "0-1"]
[WhiteTitle "GM"]
[BlackTitle "GM"]
[WhiteElo "2557"]
[BlackElo "2607"]
[WhiteFideId "2803828"]
[BlackFideId "4157800"]
[EventDate "2016.12.17"]

1. Nf3 c5 2. c4 Nc6 3. Nc3 Nf6 4. g3 d5 5. d4 e6 6. cxd5 exd5 7. Bg2 Be6 8. O-O
h6 9. dxc5 Bxc5 10. Na4 Be7 11. Be3 O-O 12. Nc5 Bc8 13. Rc1 Ng4 14. Bf4 Qb6 15.
Na4 Qa5 16. a3 Nf6 17. b4 Qd8 18. b5 Nb8 19. Qb3 Be6 20. Nd4 Nbd7 21. e4 Nb6 22.
Bc7 Qe8 23. Bxb6 axb6 24. exd5 Bd7 25. Nxb6 Rxa3 26. Qb1 Bg4 27. Nf5 Bd8 28. Nc8
Qd7 29. Ne3 Bh5 30. Qf5 Qxb5 31. d6 Qa6 32. Ne7+ Kh8 33. N7d5 Bg6 34. Qe5 Re8
35. Qb2 Ra2 36. Qb4 Ra4 37. Qb3 Ra3 38. Qb4 Nd7 39. Nc7 Bxc7 40. dxc7 Nb6 41.
Qd6 Rd3 42. Qc5 Nc8 43. Ra1 Qd6 44. Rfc1 b6 45. Qb5 Qe6 46. Bh3 Qe7 47. Nd5 Qe5
48. Nc3 Qe7 49. Qd7 Rxd7 50. Bxd7 Qxd7 0-1

[Event "European Blitz 2016"]
[Site "Tallinn EST"]
[Date "2016.12.17"]
[Round "8.8"]
[White "Munoz, Miguel"]
[Black "Sychev, Klementy"]
[Result "0-1"]
[WhiteTitle "GM"]
[BlackTitle "IM"]
[WhiteElo "2473"]
[BlackElo "2453"]
[WhiteFideId "3800229"]
[BlackFideId "4114060"]
[EventDate "2016.12.17"]

1. e4 e5 2. d4 exd4 3. Qxd4 Nc6 4. Qe3 Nf6 5. Bd2 Bb4 6. Nc3 O-O 7. O-O-O Re8 8.
Bc4 d6 9. Nf3 Bxc3 10. Bxc3 Nxe4 11. Rhe1 Bf5 12. Qf4 Qd7 13. Ng5 Nxg5 14. Qxg5
Bg6 15. g4 Rxe1 16. Rxe1 Re8 17. f4 Rxe1+ 18. Bxe1 h6 19. Qxg6 d5 20. Qd3 Qe7
21. Bc3 dxc4 22. Qxc4 Qe3+ 23. Kd1 Qg1+ 24. Be1 Qxg4+ 25. Kd2 Qg2+ 26. Qe2 Qxe2+
27. Kxe2 f6 28. Kd3 Kf7 29. f5 g5 30. Ke4 Ke8 31. Bg3 Kd7 32. Be1 h5 33. c4 Ne5
34. b3 Ke7 35. Bb4+ Kf7 36. Ba5 b6 37. Bc3 Ng4 38. Kd5 Nxh2 39. Kc6 g4 40. Kxc7
g3 41. Bd4 Nf3 42. Be3 h4 43. c5 bxc5 44. Kb7 0-1

[Event "European Blitz 2016"]
[Site "Tallinn EST"]
[Date "2016.12.17"]
[Round "8.9"]
[White "Rakhmanov, Aleksandr"]
[Black "Kozul, Zdenko"]
[Result "1-0"]
[WhiteTitle "GM"]
[BlackTitle "GM"]
[WhiteElo "2667"]
[BlackElo "2613"]
[WhiteFideId "4173708"]
[BlackFideId "14502879"]
[EventDate "2016.12.17"]

1. c4 Nf6 2. Nc3 g6 3. g3 c6 4. e4 d5 5. cxd5 cxd5 6. e5 Ne4 7. d4 Nc6 8. Bg2
Bg7 9. Nge2 Bg4 10. f3 Nxc3 11. bxc3 Bd7 12. O-O Na5 13. Nf4 e6 14. Qe2 Rc8 15.
Bd2 Nc4 16. Rab1 b6 17. Be1 O-O 18. h4 Rc7 19. Nd3 Qe7 20. f4 Rfc8 21. Rf3 Na3
22. Rb3 Nb5 23. Nf2 Na3 24. g4 Ba4 25. Rb4 b5 26. f5 Qxh4 27. Ne4 Qxg4 28. Nf6+
Bxf6 29. exf6 Nc2 30. fxe6 Qxe6 31. Qxe6 fxe6 32. Rb1 Nxe1 33. Rxe1 Kf7 34. Bh3
Re8 35. Rfe3 Rc6 36. Bg2 Rd6 37. R3e2 a6 38. Kh2 Kxf6 39. Kg3 Kg7 40. Bh3 Rc6
41. Re3 Bc2 42. Bxe6 Rd8 43. Bg4 Be4 44. Bf3 Bxf3 45. Rxf3 Rd7 46. Re5 Rdc7 47.
Rxd5 Rxc3 48. Rxc3 Rxc3+ 49. Kf4 Ra3 50. Rd7+ Kh6 51. d5 Rxa2 52. d6 b4 53. Rb7
Rd2 54. Ke5 a5 55. d7 b3 56. Ke6 a4 57. Ke7 g5 58. Rb6+ Kg7 59. Rd6 Re2+ 60. Re6
Rxe6+ 61. Kxe6 b2 62. d8=Q b1=Q 63. Qf6+ Kg8 64. Qf7+ 1-0

[Event "European Blitz 2016"]
[Site "Tallinn EST"]
[Date "2016.12.17"]
[Round "8.10"]
[White "Vallejo Pons, Francisco"]
[Black "Meskovs, Nikita"]
[Result "0-1"]
[WhiteTitle "GM"]
[BlackTitle "IM"]
[WhiteElo "2711"]
[BlackElo "2489"]
[WhiteFideId "2205530"]
[BlackFideId "11602740"]
[EventDate "2016.12.17"]

1. d4 Nf6 2. c4 e6 3. g3 Bb4+ 4. Bd2 c5 5. Bxb4 cxb4 6. Bg2 O-O 7. e3 d5 8. Nd2
Nc6 9. Ne2 a5 10. O-O a4 11. Rc1 Ra5 12. Nf4 Qd6 13. Nd3 b6 14. Re1 Ba6 15. Qc2
Rc8 16. cxd5 exd5 17. Ne5 Ne7 18. Qb1 g6 19. Bh3 Rxc1 20. Rxc1 Bb5 21. Qc2 Ra7
22. Bf1 Be8 23. Qd1 Rc7 24. Bd3 a3 25. bxa3 bxa3 26. Rb1 Rc3 27. Bf1 Qc7 28. Qf3
Kg7 29. Qd1 Nf5 30. Bd3 Nd6 31. h4 h5 32. Kg2 b5 33. Nef3 Rxd3 34. Ne5 Rc3 35.
Nb3 Nde4 36. Qf3 Rc2 37. Rf1 Rxa2 38. Qf4 Rb2 39. Nc5 Nxc5 40. dxc5 Qxc5 41. Nd3
Qc2 42. Qd4 Rb3 43. Nc5 Rc3 44. Nb7 Qe4+ 0-1

[Event "European Blitz 2016"]
[Site "Tallinn EST"]
[Date "2016.12.17"]
[Round "8.11"]
[White "Jankovic, Alojzije"]
[Black "Castellanos Rodriguez, Renier"]
[Result "0-1"]
[WhiteTitle "GM"]
[BlackTitle "IM"]
[WhiteElo "2591"]
[BlackElo "2491"]
[WhiteFideId "14505959"]
[BlackFideId "3404650"]
[EventDate "2016.12.17"]

1. d4 Nf6 2. Nf3 e6 3. c4 b6 4. g3 c6 5. Bg2 Bb4+ 6. Bd2 Be7 7. Nc3 O-O 8. O-O
d5 9. Ne5 Bb7 10. Bf4 Nh5 11. Be3 Nf6 12. Bf4 Nh5 13. Bc1 Nf6 14. e4 dxc4 15.
Nxc4 b5 16. Ne5 Nbd7 17. Nd3 Rc8 18. Be3 b4 19. Na4 Ba6 20. Re1 Qa5 21. b3 Rfd8
22. Ndb2 e5 23. dxe5 Nxe5 24. Qc2 c5 25. Nc4 Bxc4 26. bxc4 Nfg4 27. Bd2 Rxd2 28.
Qxd2 Qxa4 29. Qf4 Rd8 30. h3 Nd3 31. Qxg4 Nxe1 32. Rxe1 Qxa2 33. e5 Qd2 34. Rb1
Qd4 35. Qe2 a5 36. Bd5 a4 37. Qf3 Qxe5 38. Qxf7+ Kh8 39. Qf3 Rf8 40. Qd3 Bf6 41.
Kg2 a3 42. Qb3 Qd4 43. Rd1 Qe5 44. Rd3 Qb2 45. Rf3 Qxb3 46. Rxb3 a2 0-1

[Event "European Blitz 2016"]
[Site "Tallinn EST"]
[Date "2016.12.17"]
[Round "8.12"]
[White "Ponomariov, Ruslan"]
[Black "Pavlidis, Antonios"]
[Result "1-0"]
[WhiteTitle "GM"]
[BlackTitle "GM"]
[WhiteElo "2709"]
[BlackElo "2532"]
[WhiteFideId "14103320"]
[BlackFideId "4212312"]
[EventDate "2016.12.17"]

1. e4 c5 2. Nf3 Nc6 3. Bb5 Nf6 4. Bxc6 dxc6 5. d3 Qc7 6. e5 Nd5 7. h3 Bf5 8. O-O
e6 9. Re1 h6 10. Nbd2 O-O-O 11. a3 g5 12. Nc4 g4 13. hxg4 Bxg4 14. Qe2 Rg8 15.
Qe4 Bf5 16. Qh4 Be7 17. Qh2 Rg6 18. Nh4 Bxh4 19. Qxh4 Rdg8 20. g3 Rg4 21. Qh5
Kb8 22. Bd2 R4g6 23. Nd6 Bg4 24. Qh4 Bf3 25. c4 Ne7 26. Qf4 Bh5 27. b4 Rg4 28.
Qxh6 Bg6 29. bxc5 Bxd3 30. Re3 Nf5 31. Qf6 Nxe3 32. Bxe3 Bxc4 33. Rb1 Ba6 34.
Kg2 R4g7 35. Rb4 Rg6 36. Qxf7 Qxf7 37. Nxf7 Rg4 38. Bf4 Rf8 39. Nd6 Rg6 40. f3
Rh8 41. g4 Rh7 42. Be3 Be2 43. Rf4 Rh8 44. Rf7 Ba6 45. Kg3 Rgg8 46. Re7 Rg6 47.
f4 Rf8 48. Ne4 Be2 49. Nf6 Rfxf6 50. exf6 Rxf6 51. Bd4 Rg6 52. g5 1-0

[Event "European Blitz 2016"]
[Site "Tallinn EST"]
[Date "2016.12.17"]
[Round "8.13"]
[White "Zakhartsov, Vladimir"]
[Black "Andriasian, Zaven"]
[Result "0-1"]
[WhiteTitle "IM"]
[BlackTitle "GM"]
[WhiteElo "2453"]
[BlackElo "2621"]
[WhiteFideId "4145097"]
[BlackFideId "13302000"]
[EventDate "2016.12.17"]

1. e4 c5 2. Nf3 d6 3. d4 cxd4 4. Nxd4 Nf6 5. Nc3 a6 6. Bg5 e6 7. f4 Qb6 8. Nb3
Qe3+ 9. Qe2 Ng4 10. Nd1 Qxe2+ 11. Bxe2 Nf6 12. Nc3 Be7 13. O-O-O Nbd7 14. f5 Ne5
15. fxe6 fxe6 16. Na5 b5 17. Bf4 Nfd7 18. a4 O-O 19. Bg3 Nc5 20. b4 Nxa4 21.
Nxa4 bxa4 22. Nc4 Nc6 23. c3 e5 24. Nxd6 Be6 25. Bc4 Bxc4 26. Nxc4 Nxb4 27. Nb6
Rab8 28. Nd7 Bg5+ 29. Kb1 Nd5+ 30. Ka1 Nxc3 31. Nxb8 Nxd1 32. Bxe5 Ne3 33. Nxa6
Re8 34. Bg3 Rxe4 35. Nc5 Rc4 36. Nd3 Rc2 37. Re1 Rxg2 38. Rc1 Nc2+ 39. Kb1 Na3+
40. Ka1 Bxc1 0-1

[Event "European Blitz 2016"]
[Site "Tallinn EST"]
[Date "2016.12.17"]
[Round "8.14"]
[White "Leko, Peter"]
[Black "Turov, Maxim"]
[Result "1/2-1/2"]
[WhiteTitle "GM"]
[BlackTitle "GM"]
[WhiteElo "2693"]
[BlackElo "2594"]
[WhiteFideId "703303"]
[BlackFideId "4120086"]
[EventDate "2016.12.17"]

1. e4 c5 2. Nf3 a6 3. c3 d5 4. exd5 Nf6 5. c4 e6 6. dxe6 Bxe6 7. d4 cxd4 8. Qxd4
Nc6 9. Qxd8+ Rxd8 10. a3 Bc5 11. Be2 O-O 12. O-O Rfe8 13. Nc3 Nd4 14. Nxd4 Bxd4
15. Be3 Bxe3 16. fxe3 Rc8 17. Rf4 Nd7 18. b4 b6 19. Rd1 Ne5 20. Rdd4 g5 21. Rfe4
Bf5 22. Nd5 Rc6 23. Rxe5 Rxe5 24. Bf3 Rce6 25. Kf2 Kg7 26. Nc7 Rh6 27. h3 a5 28.
Nd5 axb4 29. axb4 Rhe6 30. Nc7 Re7 31. Nd5 R7e6 32. Ke2 Bg6 33. Kd2 h5 34. Nc7
Re7 35. Nd5 R7e6 36. Nc7 Re7 1/2-1/2

[Event "European Blitz 2016"]
[Site "Tallinn EST"]
[Date "2016.12.17"]
[Round "8.15"]
[White "Bologan, Victor"]
[Black "Vitiugov, Nikita"]
[Result "1/2-1/2"]
[WhiteTitle "GM"]
[BlackTitle "GM"]
[WhiteElo "2640"]
[BlackElo "2726"]
[WhiteFideId "13900048"]
[BlackFideId "4152956"]
[EventDate "2016.12.17"]

1. e4 c5 2. Nf3 e6 3. d4 cxd4 4. Nxd4 a6 5. Bd3 Bc5 6. Nb3 Be7 7. Qg4 g6 8. Qe2
d6 9. c4 Nc6 10. Nc3 Ne5 11. O-O Nf6 12. Bh6 Nfg4 13. Bg7 Rg8 14. Bxe5 Nxe5 15.
f4 Nc6 16. Kh1 Bd7 17. e5 dxe5 18. fxe5 Qc7 19. Rae1 Rf8 20. Qe3 O-O-O 21. Na4
Kb8 22. Nb6 Nb4 23. Bb1 h6 24. a3 Nc6 25. c5 Bg5 26. Qg3 Na7 27. Rd1 Bb5 28.
Rfe1 Nc8 29. Nxc8 Rxd1 30. Rxd1 Rxc8 31. Be4 Ba4 32. Rd3 Rd8 33. h4 Rxd3 34.
Bxd3 Be7 35. Be4 g5 36. hxg5 hxg5 37. Qc3 Qd8 38. Nd4 Qc7 39. c6 b6 40. Nf3 g4
41. Nd2 Bc5 42. b4 Bf2 43. g3 Be1 44. Qd4 Bxc6 45. Kh2 1/2-1/2

[Event "European Blitz 2016"]
[Site "Tallinn EST"]
[Date "2016.12.17"]
[Round "8.16"]
[White "Riazantsev, Alexander"]
[Black "Piorun, Kacper"]
[Result "1-0"]
[WhiteTitle "GM"]
[BlackTitle "GM"]
[WhiteElo "2671"]
[BlackElo "2657"]
[WhiteFideId "4125029"]
[BlackFideId "1130420"]
[EventDate "2016.12.17"]

1. d4 d5 2. c4 dxc4 3. e3 b5 4. a4 b4 5. Bxc4 e6 6. Nf3 Nf6 7. O-O Be7 8. Nbd2
O-O 9. b3 Bb7 10. Bb2 Nbd7 11. Qe2 c5 12. Rfd1 Qa5 13. Rac1 cxd4 14. Bxd4 Rfc8
15. Bb5 Rxc1 16. Rxc1 a6 17. Bd3 Qd8 18. Nc4 Nd5 19. Nce5 Nxe5 20. Nxe5 g6 21.
Qf3 f5 22. Qg3 Qe8 23. h4 Rc8 24. Rxc8 Bxc8 25. e4 Nf6 26. exf5 exf5 27. Bc4+
Kg7 28. Nf3 Qd8 29. Qb8 Bd7 30. Qb7 a5 31. Be5 Bc8 32. Qa7 Qd1+ 33. Kh2 Qd8 34.
Nd4 Kh6 35. Bf4+ Kg7 36. f3 1-0

[Event "European Blitz 2016"]
[Site "Tallinn EST"]
[Date "2016.12.17"]
[Round "8.17"]
[White "Bartel, Mateusz"]
[Black "Matlakov, Maxim"]
[Result "1/2-1/2"]
[WhiteTitle "GM"]
[BlackTitle "GM"]
[WhiteElo "2641"]
[BlackElo "2694"]
[WhiteFideId "1112635"]
[BlackFideId "4168003"]
[EventDate "2016.12.17"]

1. e4 c5 2. Nf3 e6 3. d4 cxd4 4. Nxd4 Nc6 5. Nc3 Qc7 6. Qd3 Nxd4 7. Qxd4 a6 8.
Be3 b5 9. a3 Bb7 10. Be2 Ne7 11. O-O Nc6 12. Qd2 Be7 13. Rad1 Ne5 14. f4 Nc4 15.
Bxc4 bxc4 16. Kh1 d6 17. f5 O-O 18. Bd4 exf5 19. Rxf5 Rfe8 20. Rdf1 f6 21. Rh5
Bf8 22. Qf4 Qf7 23. Rh3 Re6 24. Qh4 h6 25. Rg3 Kh7 26. Qf4 Rae8 27. Qf5+ Kh8 28.
Rg4 Bc8 29. Qf2 R6e7 30. Rf4 Bb7 31. Bxf6 gxf6 32. Rxf6 Qg7 33. Rxf8+ Rxf8 34.
Qxf8+ Qxf8 35. Rxf8+ Kg7 36. Rd8 Bxe4 37. Rxd6 Bxc2 38. h3 Bf5 39. Rxa6 Rb7 40.
Ra5 Bd7 41. Rd5 Bc6 42. Rd2 h5 43. Kh2 h4 44. g3 hxg3+ 45. Kxg3 Rf7 46. Rf2 Rd7
47. Kf4 Rd3 48. Rh2 Kg6 49. h4 Kh5 50. Ke5 Rd8 51. a4 Ra8 52. Kd4 Bxa4 53. Kxc4
Be8 54. Ne4 Ra4+ 55. Kd5 Kh6 56. Nc5 Rb4 57. Nd3 Bf7+ 58. Kd6 Rd4+ 59. Ke7 Bg8
60. Ne5 Re4 61. Kd6 Rd4+ 62. Kc6 Rb4 63. Kc5 Rb3 64. Nc6 Kh5 65. Nd4 Re3 66. b4
Re5+ 67. Kc6 Bc4 68. b5 Bxb5+ 69. Nxb5 Re4 70. Nd6 Rxh4 71. Rf2 Kg6 72. Kd5 Rh1
73. Ke5 1/2-1/2

[Event "European Blitz 2016"]
[Site "Tallinn EST"]
[Date "2016.12.17"]
[Round "8.18"]
[White "Halkias, Stelios"]
[Black "Cvitan, Ognjen"]
[Result "1/2-1/2"]
[WhiteTitle "GM"]
[BlackTitle "GM"]
[WhiteElo "2585"]
[BlackElo "2491"]
[WhiteFideId "4201809"]
[BlackFideId "14500086"]
[EventDate "2016.12.17"]

1. Nf3 Nf6 2. d4 e6 3. e3 c5 4. Bd3 d5 5. b3 Nc6 6. O-O Bd6 7. Bb2 O-O 8. Nbd2
b6 9. c4 cxd4 10. exd4 Bb7 11. Qe2 Rc8 12. Rad1 Re8 13. Ne5 dxc4 14. bxc4 Bf8
15. Ndf3 Nxe5 16. Nxe5 g6 17. Rfe1 Bg7 18. h3 Rc7 19. Qe3 Nd7 20. f4 Nxe5 21.
fxe5 Rd7 22. Bc2 Qa8 23. Rd2 Rc8 24. Bb3 Rcd8 25. Ree2 a6 26. a4 b5 27. axb5
axb5 28. cxb5 Bd5 29. Kh2 Qa5 30. Qd3 Rb7 31. Bxd5 Rxd5 32. Rc2 Rd8 33. Rc5 Bf8
34. Bc3 Qb6 35. Rc6 Qxb5 36. Qxb5 Rxb5 37. Rc7 Rb1 38. Rf2 Rc1 39. Rfxf7 Rxc3
40. Rxf8+ Kxf8 41. Rxc3 Rxd4 42. Rc7 h5 43. Rc6 1/2-1/2

[Event "European Blitz 2016"]
[Site "Tallinn EST"]
[Date "2016.12.17"]
[Round "8.19"]
[White "Naiditsch, Arkadij"]
[Black "Marin, Mihail"]
[Result "0-1"]
[WhiteTitle "GM"]
[BlackTitle "GM"]
[WhiteElo "2687"]
[BlackElo "2539"]
[WhiteFideId "4650891"]
[BlackFideId "1200020"]
[EventDate "2016.12.17"]

1. e4 e5 2. Nf3 Nc6 3. Nc3 Nf6 4. Bb5 Bb4 5. O-O O-O 6. d3 d6 7. Ne2 Ne7 8. c3
Ba5 9. Ng3 Ng6 10. d4 c6 11. Bd3 Bb6 12. h3 Re8 13. Re1 h6 14. Be3 Be6 15. Qc2
Qc7 16. a4 Rad8 17. b4 a5 18. b5 Bc8 19. Rab1 c5 20. Qa2 exd4 21. cxd4 cxd4 22.
Nxd4 Bc5 23. Rbc1 Ne5 24. Bf1 b6 25. f4 Ng6 26. f5 Ne5 27. Kh1 Bb7 28. Qb1 Qb8
29. Nb3 Bxe3 30. Rxe3 d5 31. Nd4 Qd6 32. Nc6 Bxc6 33. bxc6 d4 34. Rb3 Nxc6 35.
Bb5 Rc8 36. Bxc6 Rxc6 37. Rxc6 Qxc6 38. Rxb6 Qxa4 39. Rb5 Qa3 40. Qe1 d3 41. e5
d2 42. Qxd2 Qxg3 43. Rxa5 Ne4 44. Qd4 Qe1+ 45. Kh2 Qxa5 0-1

[Event "European Blitz 2016"]
[Site "Tallinn EST"]
[Date "2016.12.17"]
[Round "8.20"]
[White "Navara, David"]
[Black "Ionov, Sergey"]
[Result "1-0"]
[WhiteTitle "GM"]
[BlackTitle "GM"]
[WhiteElo "2725"]
[BlackElo "2535"]
[WhiteFideId "309095"]
[BlackFideId "4100875"]
[EventDate "2016.12.17"]

1. e4 e6 2. d4 d5 3. Nd2 c5 4. Ngf3 cxd4 5. Nxd4 Nf6 6. exd5 Qxd5 7. Nb5 Na6 8.
Nc3 Qd8 9. a3 Be7 10. Qf3 Nc5 11. Nc4 Nd5 12. Nxd5 Qxd5 13. Qxd5 exd5 14. Ne3
Be6 15. Bb5+ Kf8 16. f4 d4 17. f5 Bd7 18. Bxd7 Nxd7 19. Nd5 Nf6 20. Nxe7 Kxe7
21. Bg5 h6 22. Bh4 Rhd8 23. Kd2 Rac8 24. Rae1+ Kf8 25. Bxf6 gxf6 26. Re4 Rc5 27.
Rf1 Rdc8 28. Rc1 Rxf5 29. Re2 Re5 30. Rce1 Rec5 31. Kd3 Rd5 32. Re4 Rcd8 33. Re7
R8d7 34. Rxd7 Rxd7 35. Re4 f5 36. Re5 Kg7 37. Rxf5 Kg6 38. Rf4 f5 39. Rxd4 Re7
40. Rc4 Kg5 41. Rc8 f4 42. Rg8+ Kf5 43. g3 fxg3 44. Rxg3 h5 45. h4 Rd7+ 46. Kc3
Rc7+ 47. Kb3 Kf4 48. Rg5 Rh7 49. c4 b6 50. Kb4 Rh6 51. Kb5 1-0

[Event "European Blitz 2016"]
[Site "Tallinn EST"]
[Date "2016.12.17"]
[Round "8.21"]
[White "Brodowski, Piotr"]
[Black "Wojtaszek, Radoslaw"]
[Result "0-1"]
[WhiteTitle "IM"]
[BlackTitle "GM"]
[WhiteElo "2444"]
[BlackElo "2749"]
[WhiteFideId "1124480"]
[BlackFideId "1118358"]
[EventDate "2016.12.17"]

1. c4 c6 2. g3 d5 3. d3 dxc4 4. dxc4 Qxd1+ 5. Kxd1 Nf6 6. Nc3 e5 7. a3 Be6 8. e3
Nbd7 9. h3 O-O-O 10. Nf3 Nc5+ 11. Ke1 Nb3 12. Rb1 Bf5 13. Bd2 Bxb1 14. Nxb1 Ne4
15. Bc3 f6 16. h4 Kc7 17. h5 Bc5 18. Be2 Nc1 19. Nfd2 Nxd2 20. Bxd2 Nxe2 21.
Kxe2 g6 22. Bc3 Be7 23. Nd2 b6 24. Ne4 Kd7 25. g4 Ke6 26. f4 exf4 27. exf4 Rhe8
28. Ng3 Bd6 29. Kf3 Bc5 30. hxg6 hxg6 31. f5+ gxf5 32. gxf5+ Kd7 33. Ne4 Be7 34.
Rh7 Kc8 35. Nxf6 Bxf6 36. Bxf6 Rd3+ 37. Kf4 Rd1 38. Bc3 Rf1+ 39. Kg5 Rg8+ 40.
Kf6 Rf8+ 41. Ke6 R1xf5 42. Rxa7 Kb8 43. Rh7 Rf3 44. Kd6 Rc8 45. Be5 Rd3+ 46.
Ke6+ Ka8 47. Bc3 Re8+ 48. Kf5 Red8 49. Ke4 Rd1 50. Rc7 Re8+ 51. Kf3 Re6 52. a4
Kb8 53. Rg7 Rf1+ 54. Kg2 Rf4 55. b3 Rfe4 56. a5 Re3 57. Bd4 Re2+ 58. Kf3 bxa5
59. Bb6 Rb2 60. Bxa5 Rxb3+ 61. Kf4 Rb1 62. c5 Rf1+ 63. Kg5 Rg1+ 64. Kf5 Rxg7 65.
Kxe6 Rg5 66. Kd6 Kb7 67. Bb6 Rd5+ 68. Ke6 Ka6 69. Bd8 0-1

[Event "European Blitz 2016"]
[Site "Tallinn EST"]
[Date "2016.12.17"]
[Round "8.22"]
[White "Gorodetzky, David"]
[Black "Alekseev, Evgeny"]
[Result "0-1"]
[WhiteTitle "FM"]
[BlackTitle "GM"]
[WhiteElo "2350"]
[BlackElo "2632"]
[WhiteFideId "2813416"]
[BlackFideId "4138147"]
[EventDate "2016.12.17"]

1. e4 c5 2. c3 d5 3. exd5 Qxd5 4. d4 e6 5. Nf3 Nf6 6. Bd3 Be7 7. Be3 b6 8. h3
O-O 9. O-O Bb7 10. Nbd2 cxd4 11. Bxd4 Nc6 12. Bxf6 Qxd3 13. Bxe7 Nxe7 14. Re1
Rfd8 15. Qa4 Bc6 16. Qb4 Ng6 17. Re3 Qb5 18. Qxb5 Bxb5 19. a4 Be8 20. a5 b5 21.
Nb3 Nf4 22. Nbd4 Rac8 23. a6 Nd5 24. Ree1 Rd6 25. Ne5 Rb6 26. Rec1 f6 27. Nef3
e5 28. Nf5 Bd7 29. Rd1 Bxf5 30. Rxd5 Be6 31. Rd2 Kf7 32. Kh2 Ke7 33. Rdd1 Rcc6
34. Nd2 Rxa6 35. Rxa6 Rxa6 36. Ne4 Ra2 37. b4 Bf5 38. Nd6 Bd7 39. Kg3 Rc2 40.
Rd3 f5 41. Kh2 e4 42. Rd5 Be6 43. Rd4 a6 44. Nb7 Rxc3 45. Nc5 Rc4 46. Rd2 Rxb4
47. Nxa6 Rc4 48. Rb2 Bd7 49. Nb4 Kd6 50. Rd2+ Kc5 51. Na6+ Kb6 52. Nb8 Bc6 53.
Rd8 b4 54. Rg8 b3 55. Nxc6 Kxc6 56. Rb8 Rc2 57. Kg3 b2 58. Rb4 Kc5 59. Rb7 Kc4
60. f3 e3 0-1

[Event "European Blitz 2016"]
[Site "Tallinn EST"]
[Date "2016.12.17"]
[Round "8.23"]
[White "Movsesian, Sergei"]
[Black "Boe, Mads"]
[Result "1-0"]
[WhiteTitle "GM"]
[BlackTitle "FM"]
[WhiteElo "2673"]
[BlackElo "2321"]
[WhiteFideId "310204"]
[BlackFideId "1401408"]
[EventDate "2016.12.17"]

1. e4 c6 2. d4 d5 3. e5 Bf5 4. Nd2 e6 5. Nb3 Nd7 6. Be3 Ne7 7. Be2 h6 8. Nf3 Bh7
9. O-O Nf5 10. c4 dxc4 11. Bxc4 Nb6 12. Be2 Nd5 13. Bd2 Be7 14. Na5 Qd7 15. Nc4
O-O 16. Qb3 Rfd8 17. Rfd1 Nh4 18. Nxh4 Bxh4 19. Rac1 Be7 20. Na5 Rab8 21. a3 Bf8
22. Qg3 Kh8 23. b4 Ne7 24. Nb3 Nf5 25. Qf3 Qd5 26. Qxd5 Rxd5 27. Bc3 Rd7 28. g3
Kg8 29. h4 Rdd8 30. h5 Ne7 31. Bb2 Be4 32. f3 Bd5 33. Nc5 Nc8 34. Nd3 Be7 35.
Kf2 Nb6 36. Ne1 Na4 37. Ba1 Nb6 38. Nd3 Ra8 39. Nc5 Rab8 40. f4 Nd7 41. Nd3 Nb6
42. g4 Bb3 43. Rg1 Bd5 44. g5 Kh8 45. Nc5 Rf8 46. Rc3 Rfd8 47. Rcg3 Nd7 48. Nd3
Be4 49. Ke3 Bf5 50. Bg4 Bxg4 51. Rxg4 Nb6 52. Ke4 1-0